000 00680nam a22001937a 4500
005 20251108173210.0
008 250721s2005 xx 000 0 ara d
082 1 4 _a218.832/ مرك
245 1 0 _aحركة حماس قراءة في فكر الماضي ... و آفاق المستقبل /
264 1 _aعمان :
_bمركز جنين للدراسات الإستراتيجية،
_c2005.
300 _a40ص.
650 1 7 _aالحركات الإسلامية
650 1 7 _aالأحزاب السياسية
650 1 7 _aتاريخ فلسطين
650 1 7 _aحماس
710 2 _aمركز جنين للدراسات الاستراتيجية
942 _2ddc
_cBK
999 _c98343
_d98343